[Event "Wch U20"]
[Site "Adelaide"]
[Date "1988.??.??"]
[Round "4"]
[White "Piket, Jeroen"]
[Black "Wahls, Matthias"]
[Result "0-1"]
[WhiteElo "2495"]
[BlackElo "2460"]

1.d4 Nf6 2.Nf3 e6 3.c4 c5 4.d5 exd5 5.cxd5 d6 6.Nc3 g6 7.Bg5 Bg7 8.Nd2 h6
9.Bh4 g5 10.Bg3 Nh5 11.Nc4 Nxg3 12.hxg3 O-O 13.e3 Qe7 14.Qc2 f5 15.Nb5 Rf6
16.Ncxd6 Bd7 17.Qb3 Rxd6 18.Nxd6 Qxd6 19.Qxb7 Qb6 20.Ba6 Qa5+ 21.Kd1 Ba4+  0-1

[Event "NOR-ch"]
[Site "Asker"]
[Date "1988.??.??"]
[Round "2"]
[White "Gausel, Einar"]
[Black "Elseth, Roar"]
[Result "0-1"]
[WhiteElo "2410"]
[BlackElo "2300"]

1.d4 Nf6 2.c4 e6 3.Nf3 c5 4.d5 exd5 5.cxd5 d6 6.Nc3 g6 7.g3 Bg7 8.Bg2 O-O
9.O-O Re8 10.Bf4 a6 11.a4 Qc7 12.Nd2 Nh5 13.Bg5 h6 14.Be3 Nd7 15.Nc4 Ne5
16.Nxe5 Rxe5 17.Bd2 Bd7 18.e4 Ree8 19.Qc1 Kh7 20.a5 Nf6 21.h3 b5 22.axb6 Qxb6
23.Re1 Bb5 24.f4 Nd7 25.Be3 Bd3 26.Bf2 Bd4 27.Qd2 c4 28.Na4 Bxf2+ 29.Qxf2 Qxf2+
30.Kxf2 Rab8 31.Bf1 Rb4 32.Bxd3 cxd3 33.Re3 Rexe4 34.Rxe4 Rxe4 35.Kf3 Rb4
36.Ke3 Kg7 37.Ra3 h5 38.b3 h4 39.gxh4 d2 40.Kxd2 Rxf4 41.Nb2 Nc5 42.Nc4 Nxb3+
43.Kc3 Nc5 44.Ra5 Rxh4 45.Nxd6 Na4+ 46.Kd2 Nb6 47.Rxa6 Nxd5 48.Ra7 Rd4+ 49.Ke1 Rf4
50.Ke2 Nb6 51.Ke3 g5 52.Ra5 Kg6 53.Rb5 Na4 54.Ra5 Nb2 55.Ke2 f6 56.Ra6 Na4
57.Rc6 Kh5 58.Rc8 Nb6 59.Rh8+ Kg6 60.Rg8+ Kh7 61.Rb8 Nd5 62.Rd8 Rh4 63.Nf5 Nc3+
64.Kd3 Rxh3+ 65.Kc4 Kg6 66.Ne7+ Kf7 67.Nf5 Ne2 68.Ra8 Rf3 69.Ra7+ Kg6 70.Ne7+ Kh5
71.Nd5 Kg4 72.Re7 Ng3 73.Ne3+ Kh5 74.Nd5 Kg6 75.Re8 Nf5 76.Re6 Ng7 77.Ra6 g4
78.Kd4 Kg5 79.Ke4 f5+ 80.Ke5 Rf1 81.Ra8 Re1+ 82.Kd4 Ne6+ 83.Kc3 Kh4 84.Kd2 Re5
85.Rh8+ Kg3 86.Nc3 Kf3 87.Rg8 g3 88.Kd1 g2  0-1

[Event "FRG-ch qual"]
[Site "Bad Neustadt"]
[Date "1988.??.??"]
[Round "3"]
[White "Klebel, Martin"]
[Black "Wachinger, Guenther"]
[Result "1-0"]
[WhiteElo "2335"]
[BlackElo "2305"]

1.d4 Nf6 2.c4 e6 3.Nf3 c5 4.d5 exd5 5.cxd5 d6 6.Nc3 g6 7.Bf4 a6 8.e4 b5 9.Bd3 Bg7
10.O-O O-O 11.h3 Ne8 12.Qc2 Nd7 13.a4 b4 14.Nd1 Qe7 15.Bg5 f6 16.Bh4 Bh6
17.Nd2 Bf4 18.Nc4 a5 19.Be2 Qd8 20.Qb3 Ba6 21.Bg3 Bxg3 22.Qxg3 Qe7 23.Qe3 Bxc4
24.Bxc4 Nc7 25.Re1 Nb6 26.Bb3 Rfe8 27.f4 Kh8 28.Qd3 Rad8 29.Nf2 Qg7 30.Qc2 Nd7
31.Nd3 Rc8 32.Bc4 f5 33.e5 dxe5 34.fxe5 Nxe5 35.d6 Nxc4 36.Qxc4 Na8 37.Rxe8+ Rxe8
38.Qxc5 Qf6 39.Rd1 Rd8 40.Ne5 Kg7 41.Qa7+  1-0

[Event "FRG-ch qual"]
[Site "Bad Neustadt"]
[Date "1988.??.??"]
[Round "6"]
[White "Klebel, Martin"]
[Black "Neidhardt, Claus Ulrich"]
[Result "1/2-1/2"]
[WhiteElo "2335"]
[BlackElo "2280"]

1.d4 Nf6 2.c4 e6 3.Nf3 c5 4.d5 exd5 5.cxd5 d6 6.Nc3 g6 7.Bf4 a6 8.e4 Bg7
9.Qa4+ Bd7 10.Qb3 b5 11.Bxd6 b4 12.Na4 Nxe4 13.Qe3 Bxa4 14.Qxe4+ Kd7 15.Ne5+ Kc8
16.Rc1 Qxd6 17.Nxf7 Qf6 18.Be2 Qxf7 19.Rxc5+ Kd8 20.Qxb4 Nd7 21.Qa5+ Ke7
22.Rc4 Bb5 23.Re4+ Be5 24.Qa3+ Kf6 25.f4 Bd4 26.Qb4 Kg7 27.Qxd4+ Qf6 28.Qe3 Qb6
29.Qc3+ Kf7 30.Bg4 Nf6 31.Be6+ Kg7 32.g4 Rac8 33.Bxc8 Rxc8 34.Re7+ Kf8 35.Qxc8+ Kxe7
36.Qe6+ Qxe6+ 37.dxe6 Nxg4 38.h3 Nf6 39.Kf2 Kxe6 40.Rc1 Kd5  1/2-1/2

[Event "Balatonbereny op"]
[Site "Balatonbereny"]
[Date "1988.??.??"]
[Round "2"]
[White "Hegeler, Frank"]
[Black "Hever, Miklos"]
[Result "1/2-1/2"]
[WhiteElo "2225"]
[BlackElo "2305"]

1.d4 Nf6 2.c4 c5 3.d5 e6 4.Nc3 exd5 5.cxd5 d6 6.Nf3 g6 7.Nd2 Nbd7 8.e4 a6
9.a4 Bg7 10.Be2 O-O 11.O-O Re8 12.h3 g5 13.Nc4 Nxe4 14.Nxe4 Rxe4 15.Nxd6 Rd4
16.Qc2 Rxd5 17.Nxc8 Rxc8 18.Bf3 Rd6 19.Bxb7 Rb8 20.Be4 h6 21.Rb1 Bd4 22.b3 Qf6
23.Qe2 Re8 24.Qf3 Qe7 25.Bc2 Rf6 26.Qd3 Rxf2 27.Qh7+ Kf8 28.Qxh6+ Bg7 29.Qxg7+ Kxg7
30.Rxf2 f6 31.Bb2 Rb8 32.Rbf1 Ne5 33.Rf5 Rb6 34.Bxe5 fxe5 35.Bd3 e4 36.Bc4 Kh6
37.Rf7 Qe5 38.Rd1 Rd6 39.Rxd6+ Qxd6 40.Ra7 Qd1+ 41.Kh2 Kg6 42.Rxa6+ Kf5 43.Rc6 Qd4
44.Re6 Kf4 45.a5 Ke3 46.Kg3 Qd2 47.a6 Qf2+ 48.Kh2 Qf8 49.Kg1 Qg7 50.Re8 Qd7
51.Rf8 Qe7 52.Rf7 Qe5 53.a7 Qa1+ 54.Kh2 Qe5+ 55.Kg1 Qa1+  1/2-1/2

[Event "Balatonbereny op"]
[Site "Balatonbereny"]
[Date "1988.??.??"]
[Round "4"]
[White "Wegner, Hannu"]
[Black "Tolnai, Tibor"]
[Result "1/2-1/2"]
[WhiteElo "2320"]
[BlackElo "2465"]

1.d4 Nf6 2.Nf3 e6 3.c4 c5 4.d5 exd5 5.cxd5 d6 6.Nc3 g6 7.Bf4 a6 8.a4 Bg7
9.e4 Bg4 10.Be2 Bxf3 11.Bxf3 Qe7 12.O-O Nbd7 13.Re1 O-O 14.a5 Rac8 15.Qd2 h5
16.h3 c4 17.Na4 Ne5 18.Bxe5 Qxe5 19.Nb6 c3 20.bxc3 Rxc3 21.Rac1 Rxc1 22.Qxc1 Qd4
23.Qa3 Re8 24.Rd1 Qe5 25.Nc4 Qg5 26.Qxd6 Nxe4 27.Qd7 Rd8 28.Qxb7 Nxf2 29.Kxf2 Qh4+
30.Kg1 Qxc4 31.Qb6 Rd7 32.Qc6 Qxc6 33.dxc6 Rxd1+ 34.Bxd1 Be5  1/2-1/2

[Event "Barcelona Vulca"]
[Site "Barcelona"]
[Date "1988.??.??"]
[Round "8"]
[White "Campos Lopez, Mario"]
[Black "Bellon Lopez, Juan Manuel"]
[Result "0-1"]
[WhiteElo "2330"]
[BlackElo "2445"]

1.d4 Nf6 2.c4 c5 3.d5 e6 4.Nc3 exd5 5.cxd5 d6 6.Nf3 g6 7.Bf4 Bg7 8.Qa4+ Bd7
9.Qb3 b5 10.Bxd6 Qb6 11.Be5 O-O 12.e3 c4 13.Qd1 b4 14.Nb1 Bb5 15.Nbd2 c3
16.bxc3 Nxd5 17.Bxg7 Kxg7 18.c4 Nc3 19.Qc2 Re8 20.Bd3 Ba4 21.Nb3 Nd7 22.O-O Nc5
23.Rfe1 Rad8 24.Bf1 Qf6 25.Qb2 Bxb3 26.axb3 N5e4 27.Nd4 Re5 28.Rxa7 Rh5 29.c5 Nxc5
30.Bc4 Rd7 31.Rea1 Kh6 32.R1a5 Qe7 33.Qa1 N3e4 34.Nf3 Ng5 35.Nxg5 Rxg5 36.h4 Rg4
37.g3 Rxg3+ 38.fxg3 Qxe3+ 39.Kh2 Qf2+ 40.Kh3 Qf5+  0-1

[Event "Berlin op"]
[Site "Berlin-West"]
[Date "1988.??.??"]
[Round "4"]
[White "Soffer, Ram"]
[Black "Wedberg, Tom"]
[Result "0-1"]
[WhiteElo "2355"]
[BlackElo "2510"]

1.d4 Nf6 2.Nf3 e6 3.c4 c5 4.d5 exd5 5.cxd5 d6 6.Nc3 g6 7.Nd2 Nbd7 8.e4 Bg7
9.Be2 O-O 10.O-O Re8 11.a4 Ne5 12.Bb5 Bd7 13.f4 Neg4 14.Bxd7 Qxd7 15.Re1 Nh5
16.Nf3 f5 17.h3 fxe4 18.Rxe4 Ngf6 19.Rxe8+ Rxe8 20.Qd3 Bh6 21.Ng5 Re1+ 22.Kf2 Nxf4
23.Qf3 Qe7 24.Qxf4 Rh1 25.Bd2 Rxa1 26.h4 Nh5 27.Qg4 Qf6+ 28.Ke3 Qf5 29.Qc4 Nf6
30.Qb5 Ng4+ 31.Ke2 Qf1+  0-1

[Event "Berlin op"]
[Site "Berlin-West"]
[Date "1988.??.??"]
[Round "6"]
[White "Gruen, Peter"]
[Black "Ionescu, Constantin"]
[Result "1/2-1/2"]
[WhiteElo "2380"]
[BlackElo "2465"]

1.d4 Nf6 2.Nf3 e6 3.c4 c5 4.d5 d6 5.Nc3 exd5 6.cxd5 g6 7.g3 Bg7 8.Bg2 O-O
9.O-O Na6 10.Re1 Re8 11.Nd2 Nc7 12.a4 b6 13.Rb1 Ba6 14.b4 cxb4 15.Rxb4 Nd7
16.Nb5 Bxb5 17.axb5 Nc5 18.Bb2 a5 19.bxa6 N7xa6 20.Rb5 Qd7 21.Rxb6 Na4 22.Rxd6 Qxd6
23.Bxg7 Kxg7 24.Qxa4 Qb4 25.Qa1+ Kg8 26.d6 Ra7 27.Rd1 Rd7 28.Bc6 Nb8 29.Bxd7 Nxd7
30.Qa6 Qd4 31.e3 Qd5 32.e4 Rxe4 33.Qc8+ Kg7 34.Qxd7 Re2 35.Qa7 Rxd2 36.Qa1+ Kg8
37.Re1 Qd4 38.Re8+ Kg7 39.Qxd4+ Rxd4 40.Rd8 h5 41.h4 Kf6  1/2-1/2

[Event "Berlin op"]
[Site "Berlin-West"]
[Date "1988.??.??"]
[Round "8"]
[White "Zlatilov, Ivailo"]
[Black "Tolnai, Tibor"]
[Result "1/2-1/2"]
[WhiteElo "2365"]
[BlackElo "2485"]

1.d4 Nf6 2.Nf3 e6 3.c4 c5 4.d5 exd5 5.cxd5 d6 6.Nc3 g6 7.Bf4 a6 8.e4 Bg7
9.Qa4+ Nfd7 10.Bd3 O-O 11.Qc2 Qe7 12.a4 Ne5 13.Nxe5 Bxe5 14.Bxe5 Qxe5 15.O-O Nd7
16.Nd1 Rb8 17.a5 b5 18.axb6 Rxb6 19.Ra2 Nf6 20.Ne3 Ng4 21.Nxg4 Bxg4 22.Bxa6 Rfb8
23.Rb1 Rb4 24.Bc4 Bd7 25.b3 Bb5 26.Rd1 Bxc4 27.bxc4 Rb3 28.g3 Rc3 29.Qe2 Rbb3
30.Rc2 Rxc2 31.Qxc2 Rc3 32.f4 Qd4+ 33.Rxd4 Rxc2 34.Rd1 Kf8 35.e5 dxe5 36.fxe5 Rxc4
37.Kf2 Re4 38.d6 Ke8 39.Rd5 c4 40.Rc5 Kd7 41.Kf1 f5 42.exf6 Re6 43.Rxc4 Rxf6+
44.Rf4 Rxd6 45.Rf7+ Ke6 46.Rxh7 Kf6 47.Rc7 Ra6 48.h4 Ra1+ 49.Kg2 Ra2+ 50.Kh3 Ra3
51.Rd7 Rb3 52.Rd4 Ra3 53.Kg4 Ra6 54.Kf4 g5+ 55.hxg5+ Kg6 56.Kg4 Ra1 57.Rd6+ Kg7
58.Re6 Rf1 59.Kh5 Rh1+ 60.Kg4 Rf1 61.Rf6 Ra1 62.Rf4 Kg6  1/2-1/2

[Event "Berlin op"]
[Site "Berlin-West"]
[Date "1988.??.??"]
[Round "8"]
[White "Popov, Luben"]
[Black "Wedberg, Tom"]
[Result "0-1"]
[WhiteElo "2430"]
[BlackElo "2510"]

1.d4 Nf6 2.c4 e6 3.Nf3 c5 4.d5 exd5 5.cxd5 d6 6.Nc3 g6 7.Nd2 Nbd7 8.e4 Bg7
9.Be2 O-O 10.O-O Re8 11.Re1 Ne5 12.a4 Nh5 13.Nf3 Bg4 14.Bd2 Bxf3 15.Bxf3 Nf6
16.Be2 c4 17.Be3 Qa5 18.Bd4 Rac8 19.f4 Ned7 20.Bf3 Nc5 21.Bxc5 Qxc5+ 22.Kh1 Nd7
23.a5 Qb4 24.Qa4 Qxa4 25.Rxa4 Nc5 26.Rxc4 Nd3 27.Rxc8 Rxc8 28.Rf1 Bxc3 29.bxc3 Nxf4
30.e5 dxe5 31.d6 Rxc3 32.Rd1 Ne6 33.Bxb7 Nd8 34.a6 Kf8 35.g3 Ke8 36.d7+ Ke7
37.Bc8 Rc2 38.h4 h6 39.Kg1 Nc6 40.Rd5 f6 41.Kf1 Nd8 42.Rb5 Nc6 43.Rd5 h5
44.Bb7 Nd8 45.Bc8 Rc6 46.Kf2 Rd6 47.Rb5 Rd3 48.Rc5 Kd6 49.Rb5 Kc7 50.Rc5+ Kd6
51.Rb5 f5 52.Rb4 Rc3 53.Rb5 Rc5 54.Rb7 Rc7 55.Rb2 Ke7 56.Rb5 Rc2+ 57.Ke3 Nc6
58.Rd5 Rc3+ 59.Kf2 e4 60.Bb7 Kd8 61.Bc8 Ne7 62.Rd6 Rc6  0-1

[Event "Bern"]
[Site "Bern"]
[Date "1988.??.??"]
[Round "?"]
[White "Adler, Joel"]
[Black "Cebalo, Miso"]
[Result "0-1"]
[WhiteElo "2290"]
[BlackElo "2515"]

1.d4 Nf6 2.c4 e6 3.Nf3 c5 4.d5 exd5 5.cxd5 d6 6.Nc3 g6 7.Bg5 Bg7 8.Nd2 h6
9.Bh4 g5 10.Bg3 Nh5 11.Qa4+ Kf8 12.Qc2 Nxg3 13.hxg3 Nd7 14.e3 Ne5 15.Nc4 a6
16.a4 Rb8 17.Nxe5 Bxe5 18.Bd3 h5 19.f4 Bg7 20.Ne4 gxf4 21.gxf4 Bg4 22.Ra3 c4
23.Be2 Bf5 24.Qxc4 Rc8 25.Qb4 Rc1+ 26.Bd1 Bxe4 27.Qxe4 Bxb2 28.Rd3 Bc3+ 29.Kf2 Qf6
30.Rh3 h4 31.Kg1 b5 32.axb5 axb5 33.Kh2 Be1 34.Rf3 Qa1 35.Qf5 Rh6 36.Qg5 Rg6
37.Qd8+ Kg7 38.f5 Bg3+ 39.Kh3 Rf6 40.Rd4 Rc4 41.Qb6 Be5 42.Qxb5 Rxd4 43.exd4 Qxd1
44.dxe5 Qh1+ 45.Kg4 Qxg2+  0-1

[Event "Compack"]
[Site "Budapest"]
[Date "1988.??.??"]
[Round "?"]
[White "Barbero, Gerardo F"]
[Black "Barczay, Laszlo"]
[Result "1/2-1/2"]
[WhiteElo "2505"]
[BlackElo "2375"]

1.d4 Nf6 2.c4 e6 3.Nf3 c5 4.d5 exd5 5.cxd5 d6 6.Nc3 g6 7.Nd2 Bg7 8.e4 O-O
9.Be2 Na6 10.O-O Nc7 11.a4 b6 12.Nc4 Ba6 13.Bg5 h6 14.Bh4 Qd7 15.Re1 Rfe8
16.f3 Nh5 17.Qd2 g5 18.Bf2 Nf4 19.Ne3 Bxc3 20.bxc3 Nxe2+ 21.Rxe2 Bxe2 22.Qxe2 f5  1/2-1/2

[Event "Compack"]
[Site "Budapest"]
[Date "1988.??.??"]
[Round "?"]
[White "Barbero, Gerardo F"]
[Black "Rajna, George"]
[Result "1/2-1/2"]
[WhiteElo "2505"]
[BlackElo "2435"]

1.d4 Nf6 2.c4 c5 3.d5 e6 4.Nc3 exd5 5.cxd5 d6 6.Nf3 g6 7.h3 Bg7 8.e4 O-O
9.Bd3 b5 10.Nxb5 Nxe4 11.Bxe4 Re8 12.Nd2 f5 13.O-O fxe4 14.Re1 Ba6 15.a4 e3
16.Rxe3 Rxe3 17.fxe3 Nd7 18.Ne4 Qh4 19.Nbxd6 Rf8 20.Bd2  1/2-1/2

[Event "Noviki"]
[Site "Budapest"]
[Date "1988.??.??"]
[Round "?"]
[White "Hoelzl, Franz"]
[Black "Szalanczy, Emil"]
[Result "0-1"]
[WhiteElo "2375"]
[BlackElo "2400"]

1.d4 Nf6 2.c4 c5 3.d5 e6 4.Nc3 exd5 5.cxd5 d6 6.Nf3 g6 7.e4 Bg7 8.Be2 O-O
9.Nd2 Na6 10.O-O Ne8 11.Qb3 Nac7 12.a4 b6 13.Re1 Kh8 14.Nf3 Bg4 15.Ng5 Nf6
16.Bxg4 Nxg4 17.Nd1 Qd7 18.Bd2 Rae8 19.Qh3 Nf6 20.Qd3 Re7 21.f3 Qe8 22.Ne3 Nd7
23.f4 h6 24.e5 Rxe5 25.fxe5 Nxe5 26.Qb3 hxg5 27.Nc4 f6 28.Bc3 Qf7 29.Bxe5 dxe5
30.Rad1 Kg8 31.a5 b5 32.Qe3 Na6 33.Rf1 e4 34.Ne5 Qe8 35.Nc6 f5 36.Qxg5 Bf6
37.Qg3 Kf7 38.Nxa7 Bd4+ 39.Kh1 Nb4 40.Qb3 Qe5 41.Nc6 Nxc6 42.dxc6+ Kg7 43.Qxb5 Rh8
44.g3 e3 45.Qe2 Qxg3 46.Rxf5 Qc7 47.Rxc5 Qf4 48.Rcc1 Be5 49.Rd7+ Kf6 50.Kg1 Rxh2
51.Qf1 Rf2 52.Qh3 Qg5+ 53.Kh1 Rh2+ 54.Qxh2 Bxh2 55.c7 Qh4 56.Rh7 Qxh7 57.c8=Q Bc7+
58.Kg2 Qh2+ 59.Kf3 Qf4+ 60.Ke2 Qf2+ 61.Kd3 Qd2+ 62.Ke4 Qxc1 63.Qf8+ Ke6 64.Qe8+ Kf6
65.Qf8+ Kg5 66.Qe7+ Kg4 67.Qf6  0-1

[Event "Budapest"]
[Site "Budapest"]
[Date "1988.??.??"]
[Round "?"]
[White "Mohr, Stefan"]
[Black "Wahls, Matthias"]
[Result "1/2-1/2"]
[WhiteElo "2400"]
[BlackElo "2440"]

1.d4 Nf6 2.c4 e6 3.Nf3 c5 4.d5 exd5 5.cxd5 d6 6.Nc3 g6 7.e4 Bg7 8.Bg5 h6
9.Bh4 a6 10.Nd2 b5 11.Be2 b4 12.Na4 O-O 13.O-O Bd7 14.a3 Bb5 15.Re1 Nbd7
16.Bg3 Ne8 17.Nc4 Ndf6 18.f3 Nh5 19.Bf2 Nf4 20.axb4 Qg5 21.g3 Nxe2+ 22.Qxe2 cxb4
23.Nab6 Rd8 24.Be3 Qh5 25.Qf2 Kh7 26.Rad1 f5 27.e5 dxe5 28.Bc5 Bxc4 29.Nxc4 Rf7
30.Nxe5 Rb7 31.Nc6 Rc8 32.Bxb4 Nf6 33.Re7 Ne4 34.Qf1 Rxe7 35.Bxe7 Ng5 36.Bxg5 Qxg5
37.f4 Qh5 38.Rd2 Bf8 39.Qxa6 Bc5+ 40.Kg2 Re8 41.b4 Be3 42.Qe2 Bxd2 43.Qxe8 Bxf4
44.Qe7+ Kh8 45.Qf6+ Kh7 46.Qf7+ Kh8 47.Qf8+ Kh7 48.Qf7+ Kh8 49.gxf4 Qe2+  1/2-1/2

[Event "Budapest"]
[Site "Budapest"]
[Date "1988.??.??"]
[Round "?"]
[White "Vegh, Endre"]
[Black "Wahls, Matthias"]
[Result "1/2-1/2"]
[WhiteElo "2395"]
[BlackElo "2440"]

1.d4 Nf6 2.c4 e6 3.Nf3 c5 4.d5 exd5 5.cxd5 d6 6.Nc3 g6 7.Bf4 a6 8.a4 Qe7
9.h3 Nbd7 10.e3 Bg7 11.Be2 O-O 12.O-O b6 13.Re1 Rb8 14.Bf1 Nh5 15.Bg5 f6
16.Bh4 g5 17.Nd2 gxh4 18.Qxh5 f5 19.f4 Nf6 20.Qf3 Re8 21.Bd3  1/2-1/2

[Event "ARG-ch"]
[Site "Buenos Aires"]
[Date "1988.??.??"]
[Round "?"]
[White "Iglesias, Alejandro"]
[Black "Glavina, Pablo"]
[Result "0-1"]
[WhiteElo "2260"]
[BlackElo "2240"]

1.d4 Nf6 2.c4 c5 3.d5 e6 4.Nc3 exd5 5.cxd5 d6 6.Nf3 g6 7.e4 Bg7 8.h3 O-O
9.Bd3 b5 10.O-O b4 11.Ne2 Re8 12.Ng3 Nbd7 13.Bg5 Nb6 14.Re1 h6 15.Bd2 a5
16.Qc1 Kh7 17.h4 Ba6 18.Bxa6 Rxa6 19.Qc2 Ra7 20.h5 Rae7 21.hxg6+ fxg6 22.e5 dxe5
23.Qxc5 Nbxd5 24.Rad1 Qb6 25.Qxb6 Nxb6 26.Rc1 e4 27.Nh2 Nfd5 28.Rc5 Bd4 29.Rb5 Nc7
30.Rxa5 Nc4 31.Bxb4 Nxa5 32.Bxa5 Bxb2 33.Bb4 Re6 34.Rd1 Na6 35.Rd7+ Bg7 36.Bd2 R8e7
37.Rd5 Nc7 38.Rd8 Nb5 39.Bb4 Ra7 40.Ng4 Rxa2 41.Rd5 Nc7 42.Rd7 Ne8 43.Bf8 Raa6
44.Ne2 h5 45.Ne3 Kg8 46.Bxg7 Nxg7 47.Nf4 Rf6 48.Ned5 Rfd6 49.Rb7 g5 50.Ne7+ Kf8
51.Nfd5 Ra5 52.Ne3 Re5 53.Nc8 Rd8 54.Na7 Rc5 55.Rb6 Kf7 56.Nb5 Ne8 57.g4 hxg4
58.Nxg4 Rd1+ 59.Kg2 Kg7 60.Rb7+ Kg6 61.Rb6+ Kh5 62.Ne3 Rb1 63.Re6 Ng7 64.Re7 Rcc1
65.Rxg7 Rxb5 66.Re7 Rb4 67.Nd5 Rd4 68.Nf6+ Kg6 69.Nxe4 Re1 70.Kf3 Rd3+ 71.Kg4 Rg1+
72.Ng3 Rd4+ 73.Kf3 Rf4+ 74.Ke2 Ra1 75.Ne4 Kf5 76.Nc3 Rc1 77.Nd1 Rc2+ 78.Kf1 Kf6
79.Rd7 Ke6 80.Rd3 Ke5 81.Kg2 Ke4 82.Re3+ Kd4 83.Re8 Kd3 84.Kg3 Rc1 85.Ne3 Re1
86.Rd8+ Ke2 87.Re8 Rf3+ 88.Kh2 Kxf2 89.Ng4+ Kf1 90.Rh8 Re2+ 91.Kh1 Ke1 92.Nh2 Rff2
93.Kg1 Rg2+ 94.Kh1 Rxh2+ 95.Rxh2 Rxh2+ 96.Kxh2 Kf2  0-1

[Event "ARG-ch"]
[Site "Buenos Aires"]
[Date "1988.??.??"]
[Round "?"]
[White "Schwanek, Carlos"]
[Black "Bronstein, Luis"]
[Result "1/2-1/2"]
[WhiteElo "2315"]
[BlackElo "2405"]

1.d4 Nf6 2.c4 e6 3.Nf3 c5 4.d5 exd5 5.cxd5 d6 6.Nc3 g6 7.Nd2 Bg7 8.e4 O-O
9.Be2 Re8 10.O-O Na6 11.f3 Nc7 12.a4 b6 13.Nc4 Ba6 14.Bg5 Qd7 15.Rb1 h6 16.Be3 Bxc4
17.Bxc4 a6 18.Qd3 Reb8 19.b4 b5 20.Ba2 c4 21.Qd2  1/2-1/2

[Event "ARG-ch"]
[Site "Buenos Aires"]
[Date "1988.??.??"]
[Round "?"]
[White "Glavina, Pablo"]
[Black "Mahia, Gustavo"]
[Result "1-0"]
[WhiteElo "2240"]
[BlackElo "2390"]

1.d4 Nf6 2.Nf3 e6 3.c4 c5 4.d5 exd5 5.cxd5 d6 6.Nc3 g6 7.e4 Bg7 8.Bd3 O-O
9.h3 b5 10.Nxb5 Nxe4 11.Bxe4 Qa5+ 12.Nc3 Ba6 13.Qc2 Re8 14.Kd1 f5 15.Bd3 c4
16.Be2 Nd7 17.Be3 Nc5 18.Bd4 Ne4 19.Ke1 Rab8 20.Bxg7 Kxg7 21.Kf1 Kg8 22.Kg1 Qb6
23.Kh2 Qxf2 24.Nxe4 Rxe4 25.Bd3 Qxf3 26.gxf3 cxd3 27.Qc3 Rc4 28.Qf6 Rc2+
29.Kg3 f4+ 30.Kh4 Rf8 31.Qe6+ Kg7 32.Rag1 Bc8 33.Qxd6 d2 34.Qe5+ Kg8 35.Rg5 Rc1
36.Rhg1 Bf5 37.Qd4 Rc2 38.Qxf4 d1=Q 39.Rxd1 Rh2  1-0

[Event "ARG-ch"]
[Site "Buenos Aires"]
[Date "1988.??.??"]
[Round "?"]
[White "Soppe, Guillermo"]
[Black "Garbarino, Rodolfo"]
[Result "1-0"]
[WhiteElo "2435"]
[BlackElo "2330"]

1.d4 Nf6 2.c4 c5 3.d5 e6 4.Nc3 exd5 5.cxd5 d6 6.Nf3 g6 7.h3 Bg7 8.e4 O-O
9.Bd3 Na6 10.O-O Re8 11.Re1 Nc7 12.Bf4 b6 13.Bh2 Ba6 14.Bxa6 Nxa6 15.Nd2 Re7
16.Nc4 Ne8 17.Nb5 Rd7 18.Qb3 Nac7 19.a4 Na6 20.Bf4 Nb4 21.Bd2 a6 22.Nba3 a5
23.Nb5 Nc7 24.Nba3 Rb8 25.Bf4 b5 26.axb5 Nxb5 27.Nxb5 Rxb5 28.Re2 Qf6 29.Bxd6 Qd8
30.e5 Nc6 31.Qxb5 Nd4 32.Qxa5 Nxe2+ 33.Kh1 Qh4 34.Qxc5 h5 35.e6 Bd4 36.exd7 Bxc5
37.Ra8+ Kg7 38.d8=Q Qxc4 39.Ra1 Bxf2 40.Qe8  1-0

[Event "Bytom"]
[Site "Bytom"]
[Date "1988.??.??"]
[Round "11"]
[White "Bus, Mariusz"]
[Black "Nisman, Boris I"]
[Result "1-0"]
[WhiteElo "2375"]
[BlackElo "2370"]

1.d4 Nf6 2.c4 c5 3.d5 e6 4.Nf3 exd5 5.cxd5 d6 6.Nc3 g6 7.Bf4 Bg7 8.Qa4+ Bd7
9.Qb3 Qc7 10.e4 O-O 11.Be2 Re8 12.Nd2 Na6 13.O-O Rab8 14.Nc4 b5 15.Nxd6 Rf8
16.e5 c4 17.Ndxb5 Bxb5 18.Nxb5 Qc5 19.Qxc4 Nxd5 20.Bg3 Rb6 21.Rac1 Qxc4 22.Bxc4 Ndc7
23.Nxc7 Nxc7 24.b3 Ne6 25.Rfd1 Bh6 26.Rc2 a5 27.Rd6 Rfb8 28.Rxb6 Rxb6 29.Rc3 Bf8
30.Rd3 a4 31.Rd7 Rb8 32.Kf1 axb3 33.axb3 Ra8 34.Ke2 Bb4 35.Bxe6 fxe6 36.Bf4 Ra2+
37.Kd3 Rxf2 38.Bh6 Be1 39.Rd8+ Kf7 40.Rf8+ Ke7 41.Rxf2 Bxf2 42.Kc4 Bg1 43.h3 Kd7
44.Kb5 Bd4 45.Bf4 Kc7 46.b4 Kb7 47.Kc4 Bb2 48.Kc5 Kc7 49.g3 h5 50.Bd2 h4
51.gxh4 Bxe5 52.Be1 Bd6+ 53.Kc4 Kc6 54.Bf2 Be5 55.b5+ Kd6 56.Kd3 Kd5 57.Ke2 Bb8
58.Kf3 Bd6 59.Kg4 Be7 60.b6 Kc6 61.h5 gxh5+ 62.Kxh5 e5 63.Kg4 Bd6 64.h4 e4
65.h5 Bf8 66.Kf5 Kd5 67.h6 Bxh6 68.b7 e3 69.Bxe3  1-0

[Event "COL-ch"]
[Site "?"]
[Date "1988.??.??"]
[Round "15"]
[White "Baquero, Luis A"]
[Black "Garcia, Gildardo"]
[Result "1/2-1/2"]
[WhiteElo "2290"]
[BlackElo "2430"]

1.d4 c5 2.d5 e6 3.c4 Nf6 4.Nc3 exd5 5.cxd5 d6 6.Nf3 g6 7.Bg5 Bg7 8.e4 O-O
9.Nd2 Re8 10.Be2 a6 11.a4 Nbd7 12.O-O Rb8 13.Ra3 Qc7 14.Kh1 Ne5 15.h3 h6
16.Bh4 g5 17.Bg3 Ng6 18.f4 gxf4 19.Bxf4 Nxf4 20.Rxf4 Qe7 21.Qf1 Bd7 22.Rf2 Rf8
23.Rb3 b5 24.axb5 c4 25.Bxc4 Nh5 26.Ne2 axb5 27.Bd3 f5 28.Bb1 fxe4 29.Nxe4 Rxf2
30.Qxf2 Qe5 31.N2g3 Rf8 32.Rf3 Nxg3+ 33.Qxg3 Rxf3 34.Qxf3 Qxb2 35.Bd3 Be5
36.Ng3 Qc1+ 37.Nf1 Qf4 38.Qxf4 Bxf4 39.g3 Bc1 40.Kg2 Kg7 41.Kf3 Kf6 42.Ke4 Bf5+
43.Kd4 Bb2+ 44.Ke3 Bc1+ 45.Kd4 Bxd3 46.Kxd3 Ke5 47.Kc2 Bg5 48.h4 Bf6 49.Kd3 Kxd5
50.Ne3+ Ke6 51.g4 Ke5 52.Nf5 Bxh4 53.Nxh4 Kf4 54.Nf5 h5 55.Nxd6 h4 56.Ke2 b4
57.Kf2 Kxg4 58.Nc4 h3 59.Ne3+ Kh4 60.Kf3 b3 61.Nc4 h2 62.Kg2 b2 63.Nd2 b1=Q
64.Nxb1  1/2-1/2

[Event "Debrecen"]
[Site "Debrecen"]
[Date "1988.??.??"]
[Round "?"]
[White "Horvath, Jozsef"]
[Black "Tolnai, Tibor"]
[Result "1/2-1/2"]
[WhiteElo "2480"]
[BlackElo "2465"]

1.d4 Nf6 2.c4 e6 3.Nc3 c5 4.d5 exd5 5.cxd5 d6 6.Nf3 g6 7.g3 Bg7 8.Bg2 O-O
9.O-O Na6 10.Nd2 Nc7 11.a4 b6 12.Rb1 Re8 13.b4 cxb4 14.Rxb4 Na6 15.Rb1  1/2-1/2

[Event "Debrecen"]
[Site "Debrecen"]
[Date "1988.??.??"]
[Round "?"]
[White "Lukacs, Peter"]
[Black "Haba, Petr"]
[Result "1/2-1/2"]
[WhiteElo "2490"]
[BlackElo "2475"]

1.d4 Nf6 2.c4 e6 3.Nf3 c5 4.d5 exd5 5.cxd5 d6 6.Nc3 g6 7.Nd2 Nbd7 8.e4 Bg7
9.Be2 O-O 10.O-O Re8 11.a4 Ne5 12.Ra3 g5 13.Qc2 g4 14.Nc4  1/2-1/2

[Event "Debrecen"]
[Site "Debrecen"]
[Date "1988.??.??"]
[Round "?"]
[White "Schneider, Attila"]
[Black "Szalanczy, Emil"]
[Result "1/2-1/2"]
[WhiteElo "2420"]
[BlackElo "2420"]

1.d4 Nf6 2.c4 c5 3.d5 e6 4.Nc3 exd5 5.cxd5 d6 6.Nf3 g6 7.Nd2 Bg7 8.e4 O-O
9.Be2 Na6 10.O-O Rb8 11.a4  1/2-1/2

[Event "Delmenhorst"]
[Site "Delmenhorst"]
[Date "1988.??.??"]
[Round "?"]
[White "Wesseln, Kai"]
[Black "Wahls, Matthias"]
[Result "0-1"]
[WhiteElo "2325"]
[BlackElo "2440"]

1.d4 Nf6 2.c4 e6 3.Nf3 c5 4.d5 exd5 5.cxd5 d6 6.Nc3 g6 7.Nd2 Bg7 8.e4 O-O
9.Be2 Re8 10.O-O Na6 11.f4 Nc7 12.Bf3 Rb8 13.Nc4 b5 14.Nxd6 Qxd6 15.e5 Qd8
16.exf6 Bxf6 17.f5 Bxf5 18.Bf4 b4 19.Na4 Bd4+ 20.Kh1 Nxd5 21.Bxd5 Qxd5 22.Bxb8 Rxb8
23.Rc1 Qxa2 24.Nxc5 Bxb2 25.Qd6 Rf8 26.Rcd1 Bg7 27.Nd7 Bxd7 28.Qxd7 a5 29.Qb5 Bc3
30.Rd7 a4 31.Rfd1 a3 32.Qc5 Kg7 33.h4 Qe2 34.Rc1 Qe5 35.Qc4 Kg8 36.Rf1 Qe6
37.Qc7 a2 38.Re7 Qd5 39.Rd7 Qe6 40.Re7 Qb3 41.Qg3 Qb1  0-1

[Event "Delmenhorst"]
[Site "Delmenhorst"]
[Date "1988.??.??"]
[Round "?"]
[White "Sapi, Laszlo"]
[Black "Wahls, Matthias"]
[Result "1/2-1/2"]
[WhiteElo "2370"]
[BlackElo "2440"]

1.d4 Nf6 2.c4 e6 3.Nf3 c5 4.d5 exd5 5.cxd5 d6 6.Nc3 g6 7.e4 Bg7 8.Be2 O-O
9.O-O Re8 10.Nd2 Na6 11.f3 Nc7 12.a4 b6 13.Nc4 Ba6 14.Bg5 h6 15.Be3 Rb8 16.Qd2 Kh7
17.Rab1 Bxc4 18.Bxc4 a6 19.b4 b5 20.Be2 c4 21.a5 Re7 22.Bd4 Qh8 23.Rbd1 Rbe8
24.Rfe1 Rd8 25.Bf1  1/2-1/2

[Event "Eger op"]
[Site "Eger"]
[Date "1988.??.??"]
[Round "?"]
[White "Roeder, Mathias"]
[Black "Fradkin, Boris"]
[Result "1-0"]
[WhiteElo "2330"]
[BlackElo "2200"]

1.d4 Nf6 2.c4 e6 3.Nf3 c5 4.d5 exd5 5.cxd5 d6 6.Nc3 g6 7.Bf4 Bg7 8.Qa4+ Bd7
9.Qb3 Qe7 10.e4 O-O 11.Nd2 Re8 12.Be2 Na6 13.O-O Rab8 14.Nb5 Bxb5 15.Bxb5 Rec8
16.Rfe1 Nd7 17.Nc4 Ne5 18.Bxe5 Bxe5 19.Bxa6 bxa6 20.Qc2 Bd4 21.Re2 Re8 22.Rae1 Qd7
23.h3 Be5 24.b3 f6 25.Qd3 Qb5 26.g3 Bd4 27.Kg2 g5 28.Qf3 Qd7 29.Qg4 Qxg4
30.hxg4 Rbd8 31.Rh1 Kg7 32.f4 h6 33.Kf3 Rd7 34.Reh2 Rh8 35.Re2 Bc3 36.Rc2 Bd4
37.Na5 Re8 38.Nc6 f5 39.gxf5 g4+ 40.Kxg4 Rxe4 41.Rch2 Kg8 42.Rxh6 Rg7+ 43.Rg6 Re2
44.Nxd4 cxd4 45.Rd1 Rxa2 46.Rxd4 Ra5 47.Ra4 Rxd5 48.Rxa6 Kh7 49.Rxg7+ Kxg7
50.Kg5 Rd3 51.Rxa7+ Kg8 52.g4 Rxb3 53.Kg6 Rb8 54.Rd7  1-0

[Event "Eger op"]
[Site "Eger"]
[Date "1988.??.??"]
[Round "?"]
[White "Roeder, Mathias"]
[Black "Madl, Ildiko"]
[Result "1/2-1/2"]
[WhiteElo "2330"]
[BlackElo "2380"]

1.d4 Nf6 2.c4 c5 3.d5 e6 4.Nc3 exd5 5.cxd5 d6 6.Nf3 g6 7.Bf4 a6 8.a4 Bg7
9.e4 Bg4 10.Be2 Bxf3 11.Bxf3 Qe7 12.O-O Nbd7 13.Re1 O-O 14.a5 Rac8 15.e5 Nxe5
16.Bxe5 dxe5 17.d6 Qe6 18.Bxb7 Rcd8 19.Qe2 Rxd6 20.Rad1 Rb8 21.Rxd6 Qxd6
22.Bxa6 Ra8 23.Bc4 Rxa5 24.Qxe5 Qxe5 25.Rxe5 Ra1+ 26.Bf1 Bf8 27.h3 Kg7  1/2-1/2